000 004900000a22001930004500
003 LK-CoMWRAF
005 20230827010940.0
008 230817t1992 ||||| |||| 00| 0 eng d
020 _a1853260266
040 _aLK-CoMWRAF
_dLK-CoMWRAF
_eLK-CoMWRAF
041 _aeng
082 _a823
_bLON
100 _aLondon, Jack
245 _aThe Call of the Wild and White Fang
260 _aWare
_bWordsworth Editions Limited
_c1992
300 _a324p
650 _aEnglish Fiction
942 _cBK
999 _c2400
_d2400